Montesquieu y Rousseau : precursores de la sociología /

Uloženo v:
Podrobná bibliografie
Hlavní autor: Durkheim, Emile (autor)
Médium: Kniha
Jazyk:španělština
Vydáno: Madrid, España : Miño y Dávila, 2001, c2001
Edice:(Estudios Durkheimnianos)
Témata:
Tagy: Přidat tag
Žádné tagy, Buďte první, kdo vytvoří štítek k tomuto záznamu!

MARC

LEADER 00000nam^a2200000^a^4500
001 000133180
005 20250521000000.0
009 20260310095122.472
020 |a 84-95294-25-7 
037 |a Acervo ITESO - Biblioteca 
041 |a ESP 
082 |a 301.  |b DUR 
100 |a Durkheim, Emile  |e (autor) 
245 1 0 |a Montesquieu y Rousseau :  |b precursores de la sociología /  |c E. Durkheim ; pról. de Gonzalo Castaño ; tr. por Rubén Sierra Mejía y Asociación Colombiana de Sociología. 
264 4 |a Madrid, España :  |b Miño y Dávila,  |c 2001, c2001 
300 |a 146 p. 
336 |a texto  |b txt  |2 rdacontenido 
337 |a sin mediación  |b n  |2 rdamedio 
338 |a volumen  |b nc  |2 rdasoporte 
440 1 |a (Estudios Durkheimnianos) 
649 |a XX 
650 |a Sociología -  |x Metodología 
650 |a Ciencias Sociales -  |x Metodología 
650 |a Sociología -  |x Historia 
650 |a Rousseau, Jean-Jacques 
600 |a Montesquieu,  |c Barón de 
910 |a Fondo General 
920 |a Impresos - Libros 
930 |a Colección General 
905 |a 101 
901 |a 0500062249  |b IT1  |c ACC  |u 20250521 
902 |a https://opac.biblio.iteso.mx/vufind/Record/000133180